00471 2200157 4500001002100000005001500021035002000036007000300056008003900059082000700098084001300105100001900118245011600137260004500253990001500298INLIS00000000000482220250109111220 a0010-0125000529ta250109 | | |  a71 a71 TIA e0 aTiara Febriani1 aEvaluasi Ketersediaan Obat Instalasi Farmasi Rumah Sakit Islam PKU Muhammadiyah Palangka Raya /cTiara Febriani aPalangkaraya :bPerpustakaan UMPR,c2018 a1571016296